000 00463cam a22001097a 4500
008 180718b1988 xxu||||| |||| 00| 0 eng d
082 _aB71103x5451 An24/1986/1988
100 _aAndhra Pradesh. Legislative Assembly
245 _aThe Andhra Pradesh Mandala Praja Parishads, Zilla Parishads and Zilla Panalika and Abhivrudhi Sameeksha Mandas Act, 1986(Act No. 31 of 1986) (as amended upto 5th January 1988)
260 _aHyderabad
_bThe author
_c1988
300 _a62+p.
999 _c488583
_d488583